000 00960nas a2200301 4500
001 BR9205938
003 BR-BrBNA
005 20231205094957.0
007 ta
008 230509b bl.|||p| |||| 00| 00por d
040 _aBR-BrBNA
_bpor
_cBiblioteca Nacional de Agricultura
041 _a(Pt)
072 _aP34; F61
100 1 _aKato, O.R.
100 1 _aCorrea, H.
100 1 _aSiqueira, J.O.
100 1 _aSouza, P. de
100 1 _aOliveira, E. de
245 1 _aEfeito de micorrizas vesicular-arbusculares no crescimento da mandioca (Manihot esculenta Crants)em solo adubado com doses crescentes de superfosfato triplo
_bParte de tese
650 _aSuperfosfato Triplo
650 _aMandioca
650 _aMicorriza
650 _aSimbiose
650 _aCrescimento
773 0 _tCiencia e Pratica (Brazil)
_xISSN 0100-3267
_g(Jan-Apr 1990), v. 14(1) p. 9-19
_wBR9205938
909 _a202311
_bLúcia
_c55
_dLúcia Elande
942 _2AGRIS
_n0
_cANA
999 _c148051
_d148051